000 00601nam a22002177a 4500
999 _c6149
_d6149
003 OSt
005 20190830140809.0
008 181003b xxu||||| |||| 00| 0 eng d
020 _a9780853698692
040 _cDNLM
082 _aQV20.5 S51c 2010
100 _aSmith, Felicity J.
_912703
245 _aConducting Your Pharmacy Practice Research Project
250 _a2nd ed.
260 _aLondon; Pharmaceutical Press, 2010
300 _aviii,227p;ill: 22cm
504 _aIndex included
650 _aPharmacy research project
_912704
650 _aPharmacy practice
_912700
942 _2z
_cSLOAN